Нормален изглед
MARC изглед
- Съоръжения, водни
Вход 09. Предметна рубрика
001 - Контролен номер на записа
- Контролно поле: 453662
003 - Код на организацията, даваща контролен номер
- Контролно поле: BLK
005 - Дата и час на последна промяна на записа
- Контролно поле: 20210514165034.0
008 - Данни с фиксирана дължина – обща информация
- Данни с фиксирана дължина : 210514|| aca||babn | a|a d
150 ## - ТЕМАТИЧНА ПРЕДМЕТНА РУБРИКА
- Редна дума или Топографско име: Съоръжения, водни
942 ## - Системна служебна употреба
- Koha auth type: TOPIC_TERM